Statistics for Basic knowledge

Click here to take the quiz!

General Stats

  • This quiz has been taken 75 times
  • The average score is 3 of 10

Answer Stats

QuestionAnswer% Correct
A cloud weighs a millions tonnes true of false?true
52%
Which robbery would I commit first?Fake my income
48%
Your brain is constantly eating itself true or false?True
48%
the worlds oldest dog?29.5
44%
Snails have 20,000 teeth?False
44%
which one is false?A chicken once lived for 16 months without a head
30%
The biggest mass monster you knowOlly potter( when he started)
24%
Which one is false?Hippos can swim
22%
Which one is false?The average millionaire goes bankrupt at least 2.5 times
19%
When was the first 3D film released?1922
13%

Score Distribution

Percentile by Number Answered

Percent of People with Each Score

Your Score History

You have not taken this quiz